Grain storage techniques (Record no. 44877)
[ view plain ]
| 000 -LEADER | |
|---|---|
| fixed length control field | 00790nam a2200205 a 4500 |
| 008 - FIXED-LENGTH DATA ELEMENTS--GENERAL INFORMATION | |
| fixed length control field | 120416s1994 ||||||||||||||||| || u |
| 020 ## - INTERNATIONAL STANDARD BOOK NUMBER | |
| International Standard Book Number | 9251034567 |
| 050 ## - LIBRARY OF CONGRESS CALL NUMBER | |
| Classification number | SB 189.8 Gra |
| 100 ## - MAIN ENTRY--PERSONAL NAME | |
| Personal name | Proctor, D. L |
| 245 10 - TITLE STATEMENT | |
| Title | Grain storage techniques |
| 246 ## - VARYING FORM OF TITLE | |
| Title proper/short title | evolution and trends in developing countries |
| 260 ## - PUBLICATION, DISTRIBUTION, ETC. | |
| Place of publication, distribution, etc. | Rome |
| Name of publisher, distributor, etc. | FAO Agricultural Service Bulletin |
| Date of publication, distribution, etc. | 1994 |
| 300 ## - PHYSICAL DESCRIPTION | |
| Extent | xii, 277 p. : ill. |
| 350 ## - PRICE (NR) (BK AM CF MU VM SE) [OBSOLETE] | |
| Price | 0.00 |
| 490 ## - SERIES STATEMENT | |
| Series statement | FAO agricultural services bulletin, 1010-1365 |
| 490 ## - SERIES STATEMENT | |
| Volume/sequential designation | 109 |
| 650 ## - SUBJECT ADDED ENTRY--TOPICAL TERM | |
| Topical term or geographic name entry element | GRAIN--STORAGE--DEVELOPING COUNTRIES |
| 710 ## - ADDED ENTRY--CORPORATE NAME | |
| Corporate name or jurisdiction name as entry element | Food and Agriculture Organization of the United Nations (FAO) |
| 995 ## - RECOMMENDATION 995 [LOCAL, UNIMARC FRANCE] | |
| -- | 0.00 |
| -- | CBU-MAIN LIBRARY (Kitwe) |
| -- | 1 |
| -- | 0.00 |
| -- | 1 |
| -- | AVAILABLE |
| -- | Main Library Open Access Collection |
| Withdrawn status | Lost status | Source of classification or shelving scheme | Damaged status | Not for loan | Home library | Current library | Shelving location | Date acquired | Total Checkouts | Full call number | Barcode | Date last seen | Price effective from | Koha item type |
|---|---|---|---|---|---|---|---|---|---|---|---|---|---|---|
| CBU-MAIN LIBRARY, KITWE. | CBU-MAIN LIBRARY, KITWE. | 11/30/2022 | SB 189.8 Gra | 023938 | 11/30/2022 | 11/30/2022 | MONOGRAPH |